| 000 | 00930nam a2200241 a 4500 | ||
|---|---|---|---|
| 003 | CBULib | ||
| 005 | 20240815090415.0 | ||
| 008 | 190521s2016 ||||||||||||||||| || u | ||
| 040 |
_aCBULib _bEnglish _cCBUlib _dCBUlib _erda |
||
| 050 |
_aUNCTAD(058)WIRO/2016 _b1 |
||
| 110 | _aUnited Nations Conference on Trade and Development (UNCTAD) | ||
| 245 | 1 | 0 |
_aWorld investment Report 2016 : investor nationality : policy challenges : key messages and overview _c/ by United Nation Conference on Trade and Development (UNCTAD) |
| 260 |
_aNew York : _bUnited Nations, _c2016 |
||
| 300 | _axiv, 38 pages : illustrations. | ||
| 336 |
_2rdacontent _aText | _btxt |
||
| 337 |
_2rdamedia _aUnmediated | _bn |
||
| 338 |
_2rdacarrier _aVolume _bnc |
||
| 650 | _aECONOMIC CONDITIONS | ||
| 650 | _aFOREIGN CONDITIONS | ||
| 650 | _aPOLICES AND GOVERNMENT | ||
| 942 |
_2mc _c029 |
||
| 999 |
_c62116 _d62116 |
||